بضع رسائل فى عقائد الاسلام ويلية كتاب جواب اهل السنه النبوية فى نقض كلام الشيعه والزيدية / (Record no. 27549)
[ view plain ]
| 000 -الفاتح | |
|---|---|
| حقل البيانات ثابتة الطول | 01005nam a2200253Ia 4500 |
| 008 - عناصر البيانات ثابتة الطول - معلومات عامة | |
| حقل البيانات ثابتة الطول | 140319s9999 xx 000 0 ara d |
| 040 ## - مصدر الفهرسة | |
| وكالة الفهرسة الأصلية | GCL / |
| وكالة النسخ | GCL |
| 082 04 - رقم تصنيف ديوى العشرى | |
| رقم التصنيف | 240 |
| رقم المادة | م ب |
| 100 1# - المدخل الرئيسى - إسم شخصى | |
| الإسم الشخصى | محمد عبدالوهاب الساكت |
| 245 10 - بيان العنوان | |
| العنوان | بضع رسائل فى عقائد الاسلام ويلية كتاب جواب اهل السنه النبوية فى نقض كلام الشيعه والزيدية / |
| بيان المسئوليه,etc | محمد عبدالوهاب الساكت |
| 700 1# - المدخل الاضافى - اسم شخصى | |
| الإسم الشخصى | السيد محمد رشيد رضا |
| 700 1# - المدخل الاضافى - اسم شخصى | |
| الإسم الشخصى | محمد عبدالوهاب |
| 700 1# - المدخل الاضافى - اسم شخصى | |
| الإسم الشخصى | عبدالله محمد عبدالوهاب |
| 490 ## - بيان السلسلة | |
| عنوان السلسلة | |
| 650 04 - المدخل الاضافى بالموضوع-مصطلح موضوعى | |
| مصطلح موضوعي | الاسلام |
| 650 04 - المدخل الاضافى بالموضوع-مصطلح موضوعى | |
| مصطلح موضوعي | الاسلام والاصلاح الاجتماعى |
| 650 04 - المدخل الاضافى بالموضوع-مصطلح موضوعى | |
| مصطلح موضوعي | مقالات ومحاضرات |
| 650 04 - المدخل الاضافى بالموضوع-مصطلح موضوعى | |
| مصطلح موضوعي | الفرق الاسلامية |
| 650 04 - المدخل الاضافى بالموضوع-مصطلح موضوعى | |
| مصطلح موضوعي | الاسلام والاصلاح الدينى |
| 650 04 - المدخل الاضافى بالموضوع-مصطلح موضوعى | |
| مصطلح موضوعي | عقائد الشيعة |
| 942 ## - عناصر المدخل الإضافي( كوها) | |
| مصدر التصنيف او مخطط الترفيف | Dewey Decimal Classification |
| Koha [default] item type | كتاب |
| 260 ## - PUBLICATION, DISTRIBUTION, ETC. (IMPRINT) | |
| -- | [S.N] : |
| -- | دار الكتب المصرية |
| حالة التراجع | حالة الفقد | حالة تلف | ليس للاعارة | المكان المؤقت | الموقع الحالى | تاريخ الاكتساب | اجمالي اﻻعارات | رقم الطلب | الباركود | تاريخ اخر مشاهدة | تاريخ تفعيل السعر | نوع وعاء كوها |
|---|---|---|---|---|---|---|---|---|---|---|---|---|
| مكتبة القاهرة الكبرى | مكتبة القاهرة الكبرى | 03/26/2014 | 240\م ب | 62642 | 03/26/2014 | 03/26/2014 | كتاب |

